[Event "Pia Cramling Invitational 2018"]
[Site "Stockholm"]
[Date "2018.09.02"]
[Round "5"]
[White "Paehtz, Elisabeth"]
[Black "Skripchenko, Almira"]
[Result "1-0"]
[WhiteElo "2506"]
[BlackElo "2371"]
[Annotator "TA"]
[PlyCount "85"]
[EventDate "2018.09.01"]
[EventType "tourn"]
[EventCountry "SWE"]
[SourceTitle "playchess.com"]
[Source "ChessBase"]
[SourceQuality "1"]

{[%evp 15,85,-51,-44,-75,-81,-85,-93,-80,-87,-122,-116,-126,-72,-153,-141,-187,-97,-130,-69,-81,-72,-210,-190,-260,-22,-22,-29,-28,0,0,0,0,0,0,0,0,421,437,360,238,224,224,225,229,231,228,233,236,244,230,221,214,201,200,310,304,453,423,460,442,968,836,829,816,809,795,1022,813,1255,1190,1177,1024]} 1. d4 d6 2. e4 Nf6 3. Nc3 e5 4. Nf3 Nbd7 5. g4 (5. Bc4 Be7 6. a4 O-O 7. O-O c6 8. Re1 b6 9. h3 a6 10. Ba2 Rb8 11. Be3 b5 12. axb5 axb5 13. b4 Bb7 14. Bb3 exd4 15. Nxd4 d5 16. exd5 Bxb4 17. Bd2 cxd5 18. Ncxb5 Bxd2 19. Qxd2 {½-½ (30) Kryvoruchko,Y (2705)-Laznicka,V (2671) Brest 2018}) 5... Nxg4 6. Rg1 {C41: Philidor Defence} Ngf6 7. Bc4 h6 8. Be3 c6 $1 {LiveBook: 87 Games} 9. Qd2 b5 {[%cal Bb7b5,Bb5b4][%mdl 32]} 10. dxe5 $146 ({Predecessor:} 10. Bb3 b4 11. Ne2 Nxe4 12. Qd3 d5 13. dxe5 {0-1 (28) Dmochowska,A (1805)-Malaniuk,V (2515) Karpacz 2013}) 10... dxe5 ({Reject} 10... bxc4 $6 11. exf6 Qxf6 12. Nd4 $11) 11. Bd3 Qc7 12. a4 b4 13. Ne2 a5 (13... Nc5 $142 14. Ng3 Bg4) 14. Nh4 (14. O-O-O $142) 14... g6 15. f3 Bc5 (15... Nc5 $19 {Threatens to win with ...Be6.} 16. Nc1 Be6) 16. Bc4 Qb6 (16... Bxe3 $17 17. Qxe3 Qd6) 17. Bxc5 Qxc5 18. Bb3 (18. b3 $17) 18... Ba6 $19 19. O-O-O {[#]} (19. Ng2 $142) 19... Qf2 $2 ({Better is} 19... O-O-O $1 $19 20. Ng3 Nb6) 20. Nxg6 $1 $11 fxg6 21. Qd6 $1 {[%cal Rd6e6]} Qc5 ({Avoid the trap} 21... Qxe2 $2 22. Qxc6 Qe3+ 23. Kb1 $18) (21... Qxf3 $6 22. Qxc6 Ra7 23. Rxg6 $16) 22. Qe6+ Qe7 23. Qxc6 Ra7 24. Rd6 $1 {[%cal Rd6e6]} Bb7 $1 {[%cal Rb7c6]} 25. Qc7 Ra6 $2 {[%mdl 8192] [#]} (25... Ba6 $11 {and Black stays safe.} 26. Qc6 Bb7) 26. Rgd1 $1 $18 Rh7 {Black hopes to continue with ...Kf8.} ({Don't play} 26... Rxd6 27. Rxd6 Bd5 28. Bxd5 $18) 27. Qxb7 Rxd6 28. Qc8+ Qd8 29. Qxd8+ Kxd8 30. Rxd6 g5 31. Ng3 h5 32. h3 {[%cal Bh2h3,Bh3g4,Bg4g5,Bg5f6,Bf6f7][%mdl 32]} g4 33. fxg4 hxg4 34. hxg4 Rh3 (34... Nxg4 $142 35. Be6 Ngf6 36. Bxd7 Nxd7) 35. g5 Rxg3 (35... Kc7 $142) 36. gxf6 {[%mdl 4096] Endgame Hoping for Be6. KRB-KRN. White is clearly winning.} Kc7 37. Ra6 Rf3 (37... Rg1+ $142 38. Kd2 Rg2+ 39. Ke3 Kb7) 38. Ra7+ Kd6 39. f7 Nc5 40. Bd5 Rf4 41. Ra8 Nd7 42. Rxa5 Ke7 43. Ra7 {Precision: White = 60%, Black = 37%.} 1-0

[Event "Pia Cramling Invitational 2018"]
[Site "Stockholm"]
[Date "2018.09.02"]
[Round "5"]
[White "Arakhamia-Grant, Ketevan"]
[Black "Cramling, Pia"]
[Result "1/2-1/2"]
[WhiteElo "2323"]
[BlackElo "2408"]
[Annotator "TA"]
[PlyCount "82"]
[EventDate "2018.09.01"]
[EventType "tourn"]
[EventCountry "SWE"]
[SourceTitle "playchess.com"]
[Source "ChessBase"]
[SourceQuality "1"]

{[%evp 20,82,18,8,12,9,37,-45,33,-36,63,33,52,49,44,20,25,10,13,12,11,12,18,16,20,12,12,11,10,10,19,10,17,8,16,8,16,9,12,5,5,5,6,5,5,5,5,5,5,5,5,0,0,0,0,0,0,0,0,0,0,0,0,0,0]} 1. e4 c5 2. Nc3 Nc6 3. g3 g6 4. Bg2 Bg7 5. d3 d6 6. Be3 e5 7. Qd2 Nge7 8. f4 O-O 9. Nf3 Nd4 10. O-O exf4 11. Bxf4 {LiveBook: 23 Games. B25: Closed Sicilian: 3 g3, lines without early Be3} Be6 (11... Nxf3+ 12. Bxf3 Be6 13. Bh6 Nc6 14. Bxg7 Kxg7 15. Ne2 b5 16. Nf4 Rb8 17. Rae1 b4 18. Rf2 a5 19. Bd1 d5 20. exd5 Bxd5 {½-½ (30) Narciso Dublan,M (2508)-Szabo,B (2378) Caleta 2017}) 12. Ng5 Qd7 $146 ({Predecessor:} 12... Nec6 13. a3 Ne5 14. Nxe6 fxe6 15. Ne2 Nxe2+ 16. Qxe2 Qb6 {½-½ (26) Zatloukal,P-Matousek,J Czech Republic 1999}) 13. Nd5 (13. Nxe6 $14 fxe6 14. Rab1) 13... Rae8 (13... Nxd5 $15 14. exd5 Bg4) 14. c3 (14. Nxe7+ $14 Qxe7 15. c3) 14... Ndc6 (14... Nxd5 $1 $15 15. exd5 Bg4 16. cxd4 Bxd4+ 17. Kh1 Re2) 15. Rae1 (15. Nxe6 {feels hotter.} fxe6 16. Bh3 Ne5 17. Rae1 N7c6 18. Kg2) 15... Ne5 16. Bxe5 dxe5 17. Nxe6 (17. Nf6+ {seems wilder.} Bxf6 18. Rxf6 Kg7 19. Nxe6+ fxe6 20. Rf2) 17... fxe6 18. Nxe7+ (18. Ne3 {is more complex.} Nc6 19. Bh3 b5 20. Qe2 Rxf1+ 21. Rxf1 a6 22. a4) 18... Qxe7 {The position is equal.} 19. Qe3 Rd8 20. Bf3 {[%cal Bg2f3,Bf3d1,Bd1b3,Bb3c4][%mdl 32]} Rf6 21. Bd1 Rdf8 22. Rxf6 Bxf6 23. h4 Kg7 24. Rf1 b6 25. Bb3 h5 26. Qe2 Kh7 27. Bc4 Bg7 28. Rxf8 (28. Qd1 {with more complications.} Bh6 29. Kg2 Rf7 30. a3 Kg7 31. a4) 28... Bxf8 29. Qf1 Bh6 30. Kg2 Kg7 31. a4 g5 32. hxg5 Bxg5 33. Qf3 (33. Qh1 {looks sharper.} Qf7 34. Qe1 Qg6 35. Kh3 Qh6 36. Qf2) 33... Qf7 34. Qxf7+ (34. Qe2 {is interesting.} Qg6 35. Kh3 Qh6 36. b4 cxb4 37. cxb4 Be7 38. b5) 34... Kxf7 $11 {[%mdl 4096] Endgame KB-KB} 35. Bb5 Bc1 36. b3 Bd2 37. c4 Bg5 38. Kh3 Bd8 39. Bc6 Be7 40. Bd7 Bd8 41. Bc6 Be7 {Precision: White = 48%, Black = 53%.} 1/2-1/2

[Event "Pia Cramling Invitational 2018"]
[Site "Stockholm"]
[Date "2018.09.02"]
[Round "6"]
[White "Cramling, Pia"]
[Black "Paehtz, Elisabeth"]
[Result "1-0"]
[WhiteElo "2408"]
[BlackElo "2506"]
[Annotator "TA"]
[PlyCount "71"]
[EventDate "2018.09.01"]
[EventType "tourn"]
[EventCountry "SWE"]
[SourceTitle "playchess.com"]
[Source "ChessBase"]
[SourceQuality "1"]

{[%evp 21,71,8,11,-22,-2,-27,0,0,0,0,0,0,4,9,9,14,8,8,4,0,78,75,70,56,108,104,115,77,287,262,283,280,372,372,561,562,550,394,483,432,396,242,432,427,420,419,758,407,1208,488,6315,6311]} 1. d4 e6 2. Nf3 c5 3. e3 Nf6 4. c4 cxd4 5. exd4 d5 6. Nc3 Nc6 7. c5 Be7 8. Bb5 Bd7 9. O-O O-O 10. Re1 b6 {B14: Caro-Kann: Panov-Botvinnik Attack with 5...e6 and 5...g6} 11. Bxc6 Bxc6 {LiveBook: 6 Games} 12. Ne5 Be8 $1 {The position is equal.} 13. c6 $146 ({Predecessor:} 13. Be3 bxc5 14. dxc5 Qc7 15. Nd3 Ne4 16. Bf4 Qb7 17. Rc1 f6 18. Qe2 e5 19. Bg3 Nxc5 20. Nxc5 Bxc5 21. Qf3 Bf7 22. Red1 Rac8 {0-1 (22) Rodriguez Cespedes,A (2560)-Rodriguez Vargas,O (2455) Malaga 1987}) 13... Qc8 14. Bg5 Bxc6 15. Rc1 {[#] Strongly threatening Ne2.} Qb7 16. Nxc6 Qxc6 17. Ne4 $36 {[%mdl 2048] White is pushing.} Qd7 18. Nxf6+ Bxf6 19. Bxf6 gxf6 20. Qf3 Qd8 (20... Qe7 $11) 21. Rc3 $16 {Hoping for Qh5.} Rc8 22. Rce3 Re8 ({Black should try} 22... Qe7 $14) 23. Qh5 Kf8 24. Qxh7 {Black must now prevent f4.} Rc4 $2 (24... f5 $16) 25. Rf3 $18 {[%cal Be3f3,Bf3f6,Bf6f7][%mdl 32]} Ke7 26. Qg7 Kd6 27. Rxf6 Rxd4 (27... Rc7 $142 28. Rxf7 Rxf7 29. Qxf7 Qe7 30. Qf4+ Kd7) 28. Rxf7 Rc4 29. g3 a5 30. Qe5+ Kc6 31. Rf6 Kb5 $2 (31... Qd6 {was worth a try.} 32. Qg5 (32. Rxe6 Qxe6 33. Qxe6+ Rxe6 $18) 32... Kd7 33. Rf7+ Re7 34. Rxe6 Rc1+ 35. Qxc1 Qxe6) 32. Rxe6 Rxe6 33. Qxe6 d4 (33... Rc5 $142 34. Qe2+ Kc6) 34. Rd1 Qg5 {[#]} (34... Rc5 $142 35. Qe2+ Kc6) 35. Qd7+ (35. a4+ $142 $1 Kc5 (35... Kxa4 36. Qxc4#) 36. Re1 Rxa4 37. Re5+ Qxe5 38. Qxe5+ Kc4 39. Qc7+ Kb3 40. Qxb6+ Rb4 41. Qxa5) 35... Kc5 (35... Ka6 $142 36. b3 Qh5) 36. b3 {Precision: White = 56%, Black = 29%.} 1-0

[Event "Pia Cramling Invitational 2018"]
[Site "Stockholm"]
[Date "2018.09.02"]
[Round "6"]
[White "Skripchenko, Almira"]
[Black "Arakhamia-Grant, Ketevan"]
[Result "1/2-1/2"]
[WhiteElo "2371"]
[BlackElo "2323"]
[Annotator "NA"]
[PlyCount "79"]
[EventDate "2018.09.01"]
[EventType "tourn"]
[EventCountry "SWE"]
[SourceTitle "playchess.com"]
[Source "ChessBase"]
[SourceQuality "1"]
[TimeControl "1800+10"]

1. e4 {[%emt 0:00:00]} c5 {[%emt 0:00:02]} 2. Nf3 {[%emt 0:00:00]} e6 {[%emt 0:00:11]} 3. d3 {[%emt 0:00:16]} Nc6 {[%emt 0:02:27]} 4. c3 {[%emt 0:00:12]} d5 {[%emt 0:01:48]} 5. Qe2 {[%emt 0:00:03]} Nge7 {[%emt 0:01:31]} 6. g3 {[%emt 0:00:07]} g6 {[%emt 0:00:02]} 7. Bg2 {[%emt 0:00:21]} Bg7 {[%emt 0:00:01]} 8. Nbd2 {[%emt 0:04:54]} O-O {[%emt 0:00:38]} 9. O-O {[%emt 0:00:06]} h6 {[%emt 0:00:34] A08: Königsindisch im Anzug} 10. Re1 {[%emt 0:00:53] LiveBook: 4 Games} b6 {[%emt 0:02:16]} 11. h4 {[%emt 0:01:44]} Qc7 {[%emt 0:06:36]} 12. exd5 {[%emt 0:05:38]} (12. e5 f6 13. exf6 Rxf6 14. Nf1 Rf7 15. Ne3 e5 16. h5 g5 17. Nxg5 hxg5 18. Nxd5 Nxd5 19. Bxd5 {0-1 (38) Rojas Keim,L (2444)-Ibarra Jerez,J (2514) La Roda 2009}) 12... Nxd5 {[%emt 0:02:09]} 13. Nc4 {[%emt 0:00:13]} Bb7 {[%emt 0:00:50]} 14. a4 $146 {[%emt 0:00:04]} ({Vorgänger:} 14. h5 g5 15. Nxg5 hxg5 16. Bxg5 {1-0 (35) Demkovich,A (2341)-Khurtsidze,N (2405) Ukraina 1999}) 14... Rad8 {[%emt 0:00:11]} 15. Bd2 {[%emt 0:01:09]} Rfe8 {[%emt 0:00:10]} (15... e5 $5) 16. Nfe5 {[%emt 0:02:55]} Nxe5 {[%emt 0:01:21]} 17. Nxe5 {[%emt 0:00:02]} Ba6 {[%emt 0:00:30]} 18. a5 {[%emt 0:05:41]} bxa5 {[%emt 0:02:36]} 19. Nc4 {[%emt 0:01:13]} Nb6 $11 {[%emt 0:04:37]} 20. Bf4 {[%emt 0:00:28]} e5 $1 {[%emt 0:00:28]} 21. Bc1 {[%emt 0:02:09]} Nxc4 {[%emt 0:01:30]} 22. dxc4 {[%emt 0:00:02]} e4 {[%emt 0:00:25]} 23. Bf4 {[%emt 0:01:10]} Qb6 {[%emt 0:00:02]} 24. Be3 {[%emt 0:00:02]} f5 {[%emt 0:00:28]} 25. Ra3 {[%emt 0:00:15]} Rd3 {[%emt 0:01:29]} 26. Qc2 {[%emt 0:00:02]} Bxc4 {[%emt 0:00:30]} 27. Bf1 {[%emt 0:00:01]} Rb8 {[%emt 0:00:16]} 28. Qa4 {[%emt 0:03:00]} Bb5 {[%emt 0:00:24]} 29. Qxa5 {[%emt 0:00:03]} Rd7 {[%emt 0:00:25]} 30. c4 {[%emt 0:01:20]} Bc6 {[%emt 0:00:03]} 31. Bxc5 {[%emt 0:00:22]} Qxb2 {[%emt 0:00:05]} 32. Qa6 {[%emt 0:00:26]} Qb7 {[%emt 0:00:23]} 33. Qxa7 {[%emt 0:00:20]} Qxa7 {[%emt 0:00:14]} 34. Rxa7 {[%emt 0:00:02]} Rxa7 {[%emt 0:00:08]} 35. Bxa7 {[%emt 0:00:01]} Rb2 {[%emt 0:00:03]} 36. Be3 {[%emt 0:00:03]} Kf7 {[%emt 0:00:08]} 37. Rd1 {[%emt 0:00:04]} Ke6 {[%emt 0:00:14]} 38. Bf4 {[%emt 0:00:11]} Bf8 {[%emt 0:00:09]} 39. Be3 {[%emt 0:00:04]} h5 {[%emt 0:00:09]} 40. Ra1 {[%emt 0:00:04]} 1/2-1/2